000 00929nam a2200313 a 4500
001 58391
003 CO-BoRNBP
005 20250822135312.0
007 ta
008 890815s1989 ck a jr 00011 spa d
020 _a9589044654
040 _ala
_cla
041 0 _aspa
043 _as-ck---
082 0 4 _aI863.6
_bA72m3
_219 ed.
100 1 _aArciniegas, Triunfo,
_d1957-
_931
245 1 3 _aLa media perdida /
_cTriunfo Arciniegas ; ilustrado por Eduardo Pradilla.
250 _a1a. edición
300 _a19 p :
_bil ;
_c23 cm.
336 _2rdacontent
_atexto
_btxt
337 _2rdamedia
_asin mediación
_bn
338 _2rdacarrier
_avolumen
_bnc
500 _aLibro reseñado en : Boletín cultural y bibliográfico
650 7 _aCuentos infantiles colombianos.
_2BLAAUTO
700 1 _aPradilla, Eduardo,
_eil.
_963066
830 0 _aRodolfo Segovia-Colección
_942685
942 _2ddc
_cBK
949 _an
_bn
999 _c58391
_d58391